Information and communication technologies for development in Africa (Record no. 186228)
[ view plain ]
| 000 -LEADER | |
|---|---|
| fixed length control field | 02016nam a2200421 a 4500 |
| 082 04 - DEWEY DECIMAL CLASSIFICATION NUMBER | |
| Classification number | 338.96/02 |
| 245 10 - TITLE STATEMENT | |
| Title | Information and communication technologies for development in Africa |
| 260 ## - PUBLICATION, DISTRIBUTION, ETC. (IMPRINT) | |
| Place of publication | Ottawa ; |
| -- | Dakar : |
| Name of publisher | International Development Research Centre ; |
| Place of publication | Dakar : |
| Name of publisher | Council for the Development of Social Science Research in Africa, |
| Year of publication | c2003-<c2004> |
| 300 ## - PHYSICAL DESCRIPTION | |
| Number of Pages | v. <1-3 > : |
| Other physical details | ill. |
| 505 1# - FORMATTED CONTENTS NOTE | |
| Formatted contents note | v. 1. Opportunities and challenges for community development / edited by Ramata Molo Thioune -- v. 2. The experience with community telecenters / edited by Florence Ebam Etta and Sheila Parvyn-Wamahiu -- v. 3. Networking institutions of learning--Schoolnet -- |
| 650 #0 - SUBJECT ADDED ENTRY--TOPICAL TERM | |
| Topical Term | Information technology |
| Topical Term | Telecommunication |
| Topical Term | Telecommuting centers |
| Topical Term | Community development |
| 700 1# - ADDED ENTRY--PERSONAL NAME | |
| Personal name | Thioune, Ramata Molo. |
| 856 40 - ELECTRONIC LOCATION AND ACCESS | |
| Uniform Resource Identifier | http://site.ebrary.com/lib/rucke/Doc?id=10137746 |
No items available.
